000 00789nam a2200241Ia 4500
003 OSt
005 20220918110706.0
006 a|||||r|||| 00| 0
007 ta
008 220915b |||||||| |||| 00| 0 hin d
024 _a200216
037 _cReference Collections
040 _aARTS
_cARTS
_bhin
041 _2hin
_ahin
082 _aR693k, 152K6(RR)
100 _aबॉठिया, मोहनलाल, संपा.
_99021
245 0 _aलेश्या कोश
246 _aLeshyā kosha
260 _aकलकत्ता
_bमोहनलाल बॉठिया
_c1966
300 _a299पृ0
942 _hR693k, 152K6(RR)
_cREF
999 _c114043
_d114043